1024 1002 1139 1574 1798 1640 1809 1001 1672 1299 1691 1750 1679 1951 1902 1835 1939 1658 1635 1463 1049 1272 1419 1082 1528 1630 1204 1978 1590 1050 1841 1418 1723 1857 1307 1790 1423 1215 1336 1934 1679 1082 1944 1767 1988 1025 1704 1608 1519 1783 1785 1183 1635 1049 1696 1834 1547 1258 1976 1023 1843 1791 1493 1973 1863 1839 1328 1855 1420 1933 1888 1491 1683 1926 1775 1622 1999 1164 1811 1504 1892 1321 1365 1182 1081 1902 1882 1404 1142 1223 1279 1534 1257 1770 1835 1743 1616 1947 1241 BCNSPRNW ULIB Ver.6.0+V

เปลี่ยนเป็นภาษาไทย

Change to English
 แสดงรายละเอียดบรรณานุกรม
  กลับหน้าหลัก

Brief Record : Get Marc (ISO 2709) : E-mail record : QR code < ปิดหน้าต่าง
LEADER : 00000nam 2200000uu 4500
001    13399124645
003     ULIB
008    151110s2553||||th 000 0 tha d
020    ^a9786167052088
090    ^aนว.^bร388ฮ ล.2
100    ^aรัศมีจันทร์
245    ^aไฮโซติดเกาะ ตอน ฝนพรำในวสันตฤดู เล่ม 2/^cรัศมีจันทร์
250    ^aพิมพ์ครั้งที่ 1
260    ^aกรุงเทพฯ :^bณ บ้านวรรณกรรม,^c2553
300    ^a376 หน้า
710 1  ^aณ บ้านวรรณกรรม
945    ^p240^l0^i026741
999    ^aเกษร โพธิ์สุวรรณ
รายการนี้ยังไม่มีแท็ก
คุณยังไม่ได้ล็อกอิน คุณสามารถมีกิจกรรมร่วมกับเว็บไซต์ได้ แต่ต้องล็อกอินก่อน ::
  ล็อกอิน

รายการสื่อสารสนเทศ

ลำดับที่ ประเภท เลขเรียก/บาร์โค้ด สถานที่ สถานะ
1. นวนิยาย
นวนิยาย
นว. ร388ฮ ล.2 ฉ.1 
  Barcode: 026741
ห้องสมุดวิทยาเขตสวรรค์ประชารักษ์
►นวนิยาย
บนชั้น
  ขอยืม

รายการใกล้เคียง
    ผู้แต่ง [รัศมีจันทร์]

BibComment


ยังไม่เคยถูกคอมเมนท์

คอมเมนท์ทรัพยากรรายการนี้
  คอมเมนท์: ไฮโซติดเกาะ ตอน ..


 Copyright 2026. Bcnsprnw @Library